|
|
|
|
| LEADER |
01379nam a2200349 4500 |
| 001 |
DLU180184727 |
| 005 |
##20180507 |
| 020 |
# |
# |
|a 9786045395943
|
| 040 |
# |
# |
|a DLU
|b vie
|
| 041 |
# |
# |
|a vie
|
| 044 |
# |
# |
|a vn
|
| 082 |
# |
# |
|a 305.895 922
|b Mot
|
| 245 |
# |
# |
|a Một số tục làm mụ của người Mường vùng Mường Lang (Phù Yên, Sơn La).
|n t.II /
|c Lò Xuân Dừa, Trần Văn Phấn chủ biên.
|
| 260 |
# |
# |
|a H. :
|b Hội nhà văn,
|c 2017.
|
| 300 |
# |
# |
|a 462 tr. :
|b minh họa màu ;
|c 21 cm.
|
| 505 |
# |
# |
|a Chương I. Tục làm lễ mụ vàng vèo xanh xao -- Chương II. Tục làm lễ mụ dạo ngang đường -- Chương III. Tục làm lễ mụ trốn đống ma -- Chương IV. Tục bói ma bằng ngọn rơm -- Chương V. Tục làm lễ mụ quan sát và mụ sinh đức sinh tính -- Chương VI. Tục làm lễ mụ lứa tuổi thiếu niên.
|
| 546 |
# |
# |
|a Tài liệu viết bằng tiếng Việt - Mường.
|
| 650 |
# |
# |
|a Mường (Dân tộc Việt Nam)
|x Văn hóa dân gian.
|
| 700 |
# |
# |
|a Lò Xuân Dừa,
|e chủ biên.
|
| 700 |
# |
# |
|a Trần Văn Phấn,
|e chủ biên.
|
| 923 |
# |
# |
|a 01/2018
|
| 990 |
# |
# |
|a t.II
|
| 991 |
# |
# |
|a SH
|
| 992 |
# |
# |
|a 18000
|
| 994 |
# |
# |
|a DLU
|
| 900 |
# |
# |
|a True
|
| 911 |
# |
# |
|a Nguyễn Thanh Hương
|
| 925 |
# |
# |
|a G
|
| 926 |
# |
# |
|a A
|
| 927 |
# |
# |
|a SH
|
| 980 |
# |
# |
|a Thư viện Trường Đại học Đà Lạt
|